Online
Catalog

Estudio de arte paleolítico. (Record no. 6697)

MARC details
000 -CABECERA
campo de control de longitud fija 01921cam a2200349 a 4500
001 - NÚMERO DE CONTROL
campo de control 000006912
003 - IDENTIFICADOR DEL NÚMERO DE CONTROL
campo de control DO-SdBNP
005 - FECHA Y HORA DE LA ÚLTIMA TRANSACCIÓN
campo de control 20250307091723.0
008 - DATOS DE LONGITUD FIJA--INFORMACIÓN GENERAL
campo de control de longitud fija 880412s1986 sp ab b f000 0 spa d
020 ## - NÚMERO INTERNACIONAL ESTÁNDAR DEL LIBRO
Número Internacional Estándar del Libro 8450550521
040 ## - FUENTE DE LA CATALOGACIÓN
Centro catalogador/agencia de origen DO-SdBNP
Lengua de catalogación spa
Centro/agencia transcriptor BNPHU
Normas de descripción rda
082 ## - NÚMERO DE LA CLASIFICACIÓN DECIMAL DEWEY
Número de clasificación 936.6
Número de documento/Ítem E82a
Número de edición 22
100 1# - ENTRADA PRINCIPAL--NOMBRE DE PERSONA
Nombre de persona Castaño, A. Ana,
Término indicativo de función/relación autor
Código de función/relación aut.
9 (RLIN) 84994
245 10 - MENCIÓN DE TÍTULO
Título Estudio de arte paleolítico.
260 ## - PUBLICACIÓN, DISTRIBUCIÓN, ETC.
Lugar de publicación, distribución, etc. Madrid, España :
Nombre del editor, distribuidor, etc. Ministerio de Cultura. Dirección General de Bellas Artes y Archivos, Subdirección General de Arqueología y Etnografía,
Fecha de publicación, distribución, etc. 1986.
300 ## - DESCRIPCIÓN FÍSICA
Extensión 270 páginas :
Otras características físicas ilustraciones, mapas ;
Dimensiones 31 cm.
336 ## - TIPO DE CONTENIDO
Término de tipo de contenido texto
Código de tipo de contenido txt
Fuente rdacontent
337 ## - TIPO DE MEDIO
Nombre/término del tipo de medio sin mediación
Código del tipo de medio n
Fuente rdamedia
338 ## - TIPO DE SOPORTE
Nombre/término del tipo de soporte volumen
Código del tipo de soporte nc
Fuente rdacarrier
490 1# - MENCIÓN DE SERIE
Mención de serie Colección Centro de Investigación y Museo de Altamira
490 1# - MENCIÓN DE SERIE
Mención de serie Serie Monografías
Designación de volumen o secuencia 15
504 ## - NOTA DE BIBLIOGRAFÍA, ETC.
Nota de bibliografía, etc. Bibliografía : páginas 264-265.
505 0# - NOTA DE CONTENIDO CON FORMATO
Nota de contenido con formato Aspectos ecológicos del arte parietal paleolítico en Cantabria / Ana Castano -- El caballo en el arte rupestre paleolítico / G. Romero -- El modelado interior de los grabados rupestres paleolíticos del Norte de la Península / R. Alonsio Silio -- Prospecciones arqueológicas de la cueva de las Brujas (Suances-Cantabria) / R. González Sainz, E. Muñoz Fernández, C. San Miguel Llamosas -- Los grabados y pinturas de las cuevas de los Emboscados y el Patatal (Matienzo-Cantabria) / Rodrigo de Balbín Behrman, Manuel R. González Morales, Cesar González Sainz.
650 #4 - PUNTO DE ACCESO ADICIONAL DE MATERIA--TÉRMINO DE MATERIA
Término de materia o nombre geográfico como elemento de entrada Período paleolítico
Subdivisión geográfica España
9 (RLIN) 19161
650 #4 - PUNTO DE ACCESO ADICIONAL DE MATERIA--TÉRMINO DE MATERIA
Término de materia o nombre geográfico como elemento de entrada Arte prehistórico
Subdivisión geográfica España
9 (RLIN) 19162
650 #4 - PUNTO DE ACCESO ADICIONAL DE MATERIA--TÉRMINO DE MATERIA
Término de materia o nombre geográfico como elemento de entrada Pintura rupestre
Subdivisión geográfica España
9 (RLIN) 19163
650 #4 - PUNTO DE ACCESO ADICIONAL DE MATERIA--TÉRMINO DE MATERIA
Término de materia o nombre geográfico como elemento de entrada Petróglifo
Subdivisión geográfica España
9 (RLIN) 19164
651 #4 - PUNTO DE ACCESO ADICIONAL DE MATERIA--NOMBRE GEOGRÁFICO
Nombre geográfico España
Subdivisión general Antigüedades
9 (RLIN) 19165
710 1# - PUNTO DE ACCESO ADICIONAL--NOMBRE DE ENTIDAD CORPORATIVA
Nombre de entidad corporativa o nombre de jurisdicción como elemento de entrada República Dominicana.
Unidad subordinada Ministerio de Cultura
9 (RLIN) 71794
830 #0 - PUNTO DE ACCESO ADICIONAL DE SERIE-TÍTULO UNIFORME
Título uniforme Colección Centro de Investigación y Museo de Altamira,
Nombre de parte o sección de la obra Serie Monografías ;
Designación de volumen o secuencia 15
9 (RLIN) 19168
942 ## - ELEMENTOS DE PUNTO DE ACCESO ADICIONAL (KOHA)
Fuente del sistema de clasificación o colocación Dewey Decimal Classification
Tipo de ítem Koha Libro
Holdings
Estado de retiro Estado de pérdida Restricciones de uso No para préstamo Código de colección Localización permanente Ubicación/localización actual Ubicación en estantería Fecha de adquisición Número de inventario Total de préstamos Signatura topográfica completa Código de barras Fecha visto por última vez Precio válido a partir de Tipo de ítem Koha
        Monografías: Libros y Folletos General General En catalogación 03.09.2009 LF1   936.6 E82a 6912-10 25.06.2020 25.06.2020 Préstamo en sala

Powered by Koha